1870 és 1914 katonai becslések egy német szakembertől

Elmentve itt :
Bibliográfiai részletek
Dokumentumtípus: Cikk
Megjelent: 1914-09-02
Sorozat:Délmagyarország 3 No. 219
Kulcsszavak:Hadügy
Online Access:http://dmarchiv.bibl.u-szeged.hu/56717
LEADER 00423nab a2200145 i 4500
001 delm56717
005 20180927141948.0
008 180927s1914 hu o 0|| hun d
040 |a SZTE Délmagyarország Archívum  |b hun 
041 |a hun 
245 0 0 |a 1870 és 1914   |h [elektronikus dokumentum] :  |b katonai becslések egy német szakembertől 
260 |c 1914-09-02 
300 |a 4 
490 0 |a Délmagyarország  |v 3 No. 219 
695 |a Hadügy